US Presidents by Picture #1 - Statistics

General Stats
  • This quiz has been taken 44 times
  • The average score is 14 of 16
Answer Stats
Picture Answer % Correct
Abraham Lincoln
100%
George Washington
97%
John Quincy Adams
97%
James Madison
94%
John Adams
94%
THomas Jefferson
91%
Andrew Jackson
86%
James K. Polk
83%
James Monroe
83%
Martin Van Buren
83%
Zachary Taylor
83%
James Buchanan
80%
William Henry Harrison
80%
John Tyler
74%
Franklin Pierce
71%
Millard Fillmore
69%
No matching quizzes found
Score Distribution
Percent of People with Each Score
Percentile by Number Answered
Your Score History
You have not taken this quiz